MARC

LEADER 00000nam0a2200000 4500
001 285433
005 20231101235808.0
035 |a (RuTPU)RU\TPU\book\309673 
090 |a 285433 
100 |a 20150225d1985 m y0rusy50 ca 
101 0 |a rus 
102 |a RU 
105 |a a j 001zy 
200 1 |a Задачи по статистической радиофизике и оптике  |e [учебное пособие]  |f Ю. Е. Дьяков, С. Ю. Никитин  |g Московский государственный университет им. М. В. Ломоносова (МГУ), Физический факультет 
210 |a Москва  |c Изд-во Московского ун-та  |d 1985 
215 |a 186 с.  |c ил. 
320 |a Библиогр.: с. 185-186 
606 1 |a Статистическая радиофизика  |2 stltpush  |3 (RuTPU)RU\TPU\subj\56843  |9 74730 
606 1 |a Оптика  |2 stltpush  |3 (RuTPU)RU\TPU\subj\67665  |9 83386 
610 1 |a физика 
610 1 |a математические методы 
610 1 |a лазерная физика 
610 1 |a световые импульсы 
610 1 |a оптические волокна 
610 1 |a спектроскопия 
610 1 |a случайные процессы 
610 1 |a стохастические дифференциальные уравнения 
610 1 |a задачи 
610 1 |a решения 
610 1 |a математические формулы 
675 |a 537.86:519.2(076)  |v 3 
675 |a 535(076)  |v 3 
700 1 |a Дьяков  |b Ю. Е.  |g Юрий Евгеньевич 
701 1 |a Никитин  |b С. Ю.  |g Сергей Юрьевич 
712 0 2 |a Московский государственный университет им. М. В. Ломоносова (МГУ)  |b Физический факультет  |2 stltpush  |3 (RuTPU)RU\TPU\col\7 
801 1 |a RU  |b 63413507  |c 20150225 
801 2 |a RU  |b 63413507  |c 20171218  |g RCR 
942 |c BK